Jocelyn MACLURE, Récits identitaires. Le Québec à l’épreuve du pluralisme, préf. de Charles Taylor, Montréal, Québec-Amérique, 2000, 219 p. (notice n° 1594434)
[ vue normale ]
| 000 -LEADER | |
|---|---|
| fixed length control field | 00558cam a2200145 4500500 |
| 005 - DATE AND TIME OF LATEST TRANSACTION | |
| control field | 20251228072920.0 |
| 041 ## - LANGUAGE CODE | |
| Language code of text/sound track or separate title | fre |
| 042 ## - AUTHENTICATION CODE | |
| Authentication code | dc |
| 100 10 - MAIN ENTRY--PERSONAL NAME | |
| Personal name | Warren, Jean-Philippe |
| Relator term | author |
| 245 00 - TITLE STATEMENT | |
| Title | Jocelyn MACLURE, Récits identitaires. Le Québec à l’épreuve du pluralisme, préf. de Charles Taylor, Montréal, Québec-Amérique, 2000, 219 p. |
| 260 ## - PUBLICATION, DISTRIBUTION, ETC. | |
| Date of publication, distribution, etc. | 2005.<br/> |
| 500 ## - GENERAL NOTE | |
| General note | 41 |
| 786 0# - DATA SOURCE ENTRY | |
| Note | Cités | 23 | 3 | 2005-09-01 | p. 245h-272h | 1299-5495 |
| 856 41 - ELECTRONIC LOCATION AND ACCESS | |
| Uniform Resource Identifier | <a href="https://shs.cairn.info/revue-cites-2005-3-page-245h?lang=fr&redirect-ssocas=7080">https://shs.cairn.info/revue-cites-2005-3-page-245h?lang=fr&redirect-ssocas=7080</a> |
Pas d'exemplaire disponible.




Réseaux sociaux